Kannada Films By Picture (Sandalwood) - Statistics

General Stats
  • This quiz has been taken 13 times
  • The average score is 9 of 16
Answer Stats
Picture Answer % Correct
Kantara
100%
KGF: Chapter 2
91%
Charlie 777
82%
Kirik Party
73%
Su From So
73%
Bagheera
64%
Kurukshetra
55%
Sapta Sagaradaache Ello
55%
UI
55%
Vikrant Rona
55%
Garuda Gamana Vrishabha Vahana
45%
James
45%
Max
45%
Veera Kannadiga
45%
Bhairathi Ranagal
27%
Lucia
27%
No matching quizzes found
Score Distribution
Percent of People with Each Score
Percentile by Number Answered
Your Score History
You have not taken this quiz